INTRODUCCION A LA ECONOMIA/

TRADUCCION DE: INTRODUCCION TO ECONOMICS

Na minha lista:
Detalhes bibliográficos
Autor principal: Dobb, Maurice (autor)
Formato: Livro
Edição:2a edición
Colecção:POPULAR; 2
Assuntos:
Tags: Adicionar Tag
Sem tags, seja o primeiro a adicionar uma tag!

MARC

LEADER 00000nam^a2200000^a^4500
001 000216518
005 20250521000000.0
009 20260310103656.618
035 |a 021886 
037 |a Acervo Xavier Clavigero 
082 |a 330.  |b DOB 
100 |a Dobb, Maurice  |e (autor) 
245 1 0 |a INTRODUCCION A LA ECONOMIA/  |c MAURICE DOBB; TR. ANTONIO CASTRO LEAL 
250 |a 2a edición 
264 |a MEXICO :  |b FONDO DE CULTURA ECONOMICA,  |c 1959 
300 |a 90p. 
336 |a texto  |b txt  |2 rdacontenido 
337 |a sin mediación  |b n  |2 rdamedio 
338 |a volumen  |b nc  |2 rdasoporte 
440 |a POPULAR;  |v 2 
520 |a TRADUCCION DE: INTRODUCCION TO ECONOMICS 
649 |a XX 
650 |a Economía 
910 |a Fondo General 
920 |a Impresos - Libros 
930 |a Colección General 
905 |a 101 
901 |a 021886  |b IT1  |c ACC  |i 021886  |u 20250521 
902 |a https://opac.biblio.iteso.mx/vufind/Record/000216518